000 00741cam a2200193 i 4500
005 20251116122435.0
008 250721s1991 ua gr 000 0 ara d
082 1 4 _a210
_bج م ع
100 1 _aعبد العزيز، جمعة أمين
_eمؤلف.
245 1 0 _aفهم الإسلام في ظلال الأصول العشرين للإمام حسن البنا /
_cتأليف جمعة أمين عبد العزيز.
250 _aالطبعة الثانية.
264 3 1 _aالإسكندرية :
_bدار الدعوة،
_c1991.
300 _a378 صفحة.
490 0 _aفي الفهم والتربية ؛
_vرقم 1.
650 1 7 _aالإسلام.
830 0 _aفي الفهم والتربية.
942 _2ddc
_cBK
999 _c3417
_d3417